00953cam a2200217 a 450000100090000000300040000900500170001300800410003001000170007102000180008804000070010605000150011324500750012825000120020326000450021530000170026050400670027750503300034465000380067470000230071213765869OSt20230707141047.0041029s2004 nyu b 001 0 eng  a 2004559961 a9781543809534 cLC00aKF4549.C7510aConstitutional law : 2019 suplement. /cGeoffrey R. Stone ...[et al.]. a8th ed. aNew York, N.Y. :bWolters Kluwer,c2019. axx, 190 p .: aIncludes bibliographical references (p. xlvii-lxvi) and index. aContents: The constitution and the supreme court m-- Federalism a work: Congress and the national economy -- The scope of Congress's power -- The distribution of national powers -- Equality and the constitution -- Freedom of expression -- The constitution and religion -- State action, baselines, and problem of private power 0aConstitutional lawzUnited States1 aStone, Geoffrey R.